| 000 | 01036nam a2200265 i 4500 | ||
|---|---|---|---|
| 001 | 147581 | ||
| 003 | ES-MaACL | ||
| 005 | 20260202124807.0 | ||
| 007 | t| | ||
| 008 | 071003s1906 sp |||| | spa d | ||
| 080 | _a34(460):930.1 | ||
| 100 | 1 |
_aUreña y Smenjaud, Rafael de, _d1852-1930 _9112127 |
|
| 245 | 1 | 0 |
_aDiscurso leído en la solemne inauguración del curso académico de 1906 a 1907 / _cpor Rafael de Ureña y Smenjaud. |
| 246 | 3 | 5 | _aObservaciones acerca del desenvolvimiento de los estudios de historia del derecho español |
| 260 |
_aMadrid : _b[s.n.], _c1906 ( _fImp. Colonial) |
||
| 300 |
_a156 p. ; _c27 cm. |
||
| 530 | _aDisponible en formato digital. | ||
| 594 | _aPrecede al tít.: Universidad Central. | ||
| 650 | 4 |
_aDerecho- _zEspaña- _vHistoriografía. _911615 |
|
| 710 | 2 |
_aUniversidad Central (Madrid) _97084 |
|
| 852 |
_aES-MaACL _jF-10176 _cSPP2 |
||
| 856 | 4 |
_uhttp://bdh-rd.bne.es/viewer.vm?id=0000097607&page=1 _yBiblioteca Digital Hispánica |
|
| 942 | _2udc | ||
| 999 |
_c147581 _d147581 |
||